000 00450nam a2200181Ia 4500
005 20240823062602.0
008 240823s9999||||xx |||||||||||||| ||und||
041 _aENGLISH
082 _A519 N6
100 _aKandasamy P [etal]
245 0 _aEngineering Mathematics Vol III
250 _a1st
260 _c1996
_b"S Chand,New Delhi"
500 _aTransfered
650 _aEngineering.Mathematics
_bMathematics
942 _cBK
999 _c236226
_d236226